| 000 | 00918nam a2200265 a 4500 | ||
|---|---|---|---|
| 001 | |||
| 003 | DO-SdBNP | ||
| 005 | 20211104120510.0 | ||
| 008 | 090917s2000 dr ac 000 0 spa d | ||
| 040 |
_aBPMSU _bspa _cBPMSU |
||
| 082 |
_a306.097293 _bM533t 2002 _222 |
||
| 245 | 0 | 0 |
_aMemorias de una tertulia : _bhomenaje a Juan Bosch / _cpresentación Verónica Sención ; coordinadores Tomás Castro Burdiez, José Enrique García. |
| 260 |
_aSanto Domingo : _bCorripio, _c2000. |
||
| 300 |
_axi, 261 p. : _bil., retrs. ; _c29 cm. |
||
| 590 | _6Inventariado, 2021/VM | ||
| 600 | 1 | 4 |
_aBosch, Juan _z1909-2001 |
| 650 | 4 |
_aCultura _zRepública Dominicana |
|
| 650 | 4 | _aLiteratura dominicana | |
| 651 | 4 |
_aRepública Dominicana _xVida intelectural _ySiglo XX |
|
| 700 | 1 | _aSención, Verónica | |
| 700 | 1 | _aCastro Burdiez, Tomás | |
| 700 | 1 | _aGarcía, José Enrique | |
| 910 | _aVMateo V. | ||
| 942 |
_2ddc _cBK |
||
| 999 |
_c13834 _d13834 |
||